Lack of investment activity masks upward pressure on yields (Record no. 83925)

MARC details
000 -LEADER
fixed length control field 00925cab a22001935a 4500
001 - CONTROL NUMBER
control field L155899
008 - FIXED-LENGTH DATA ELEMENTS--GENERAL INFORMATION
fixed length control field 120420e2012 xxk 000 0 eng d
035 ## - SYSTEM CONTROL NUMBER
System control number (Sirsi) u155899
041 0# - LANGUAGE CODE
Language code of text/sound track or separate title eng
110 2# - MAIN ENTRY--CORPORATE NAME
Corporate name or jurisdiction name as entry element Property Week
9 (RLIN) 1549
245 00 - TITLE STATEMENT
Title Lack of investment activity masks upward pressure on yields
260 ## - PUBLICATION, DISTRIBUTION, ETC.
Date of publication, distribution, etc. 2012
490 #0 - SERIES STATEMENT
Series statement Property Week
Volume/sequential designation 78(15) 13 April 2012, 33 (1)
520 ## - SUMMARY, ETC.
Summary, etc. Cushman & Wakefield's latest UK investment market briefing shows prime yields to be broadly stable averaging 5.76% in March but three subsectors, smaller market town retail, secondary retail and regional out-of-town offices, were under increasing pressure. Investor interest is strongest in London and outstrips supply for prime property, particularly retail. Table covers prime property comparative yields 2007-March 2012.
590 ## - LOCAL NOTE (RLIN)
Local note KA
651 #4 - SUBJECT ADDED ENTRY--GEOGRAPHIC NAME
Geographic name United Kingdom
690 ## - LOCAL SUBJECT ADDED ENTRY--TOPICAL TERM (OCLC, RLIN)
Topical term or geographic name as entry element Commercial property
9 (RLIN) 6227
942 ## - ADDED ENTRY ELEMENTS (KOHA)
Suppress in OPAC 0
Holdings
Withdrawn status Lost status Source of classification or shelving scheme Damaged status Not for loan Home library Current library Shelving location Date acquired Total Checkouts Full call number Barcode Date last seen Price effective from Koha item type
    Dewey Decimal Classification     London London Journal article 20/04/2012   L155899 155899-1001 06/08/2019 06/08/2019 Journal